00383cam a22000857a 4500008004000000245011400040260004500154300001100199440008700210180718b1997 xxu||||| |||| 00| 0 eng d aInternational conference on habitat & sustainable development, proveedings vol.1cby Institution of Engineers aCalcuttabInstitution of Engineersc1997 a353+p. aHabitat and Sustinable Development Thrust on Rural Areas and Rural/Urban Interface